[Event "Ruhrgebiet Verbandsklasse Gruppe 1 1617"]
[Site "Germany"]
[Date "2017.02.19"]
[Round "7.7"]
[White "Schuermann, Jan"]
[Black "Buedel, Juergen"]
[Result "1-0"]
[WhiteElo "1817"]
[BlackElo "1635"]
[PlyCount "53"]
[EventDate "2016.09.04"]
[EventType "team-tourn"]
[EventRounds "9"]
[EventCountry "GER"]
[SourceTitle "EXT 2022"]
[Source "ChessBase"]
[SourceDate "2021.10.06"]
[SourceVersion "1"]
[SourceVersionDate "2021.10.06"]
[SourceQuality "1"]
[WhiteTeam "Muelheim Nord IV"]
[BlackTeam "Dortmund FS"]
[WhiteTeamCountry "GER"]
[BlackTeamCountry "GER"]

1. e4 Nc6 2. Nf3 d5 3. e5 Bg4 4. Bb5 Qd7 5. d4 a6 6. Be2 g6 7. c3 f6 8. Nbd2 Bg7 9. exf6 Nxf6 10. 0-0 0-0 11. Re1 Rae8 12. Qb3 b5 13. a4 b4 14. Bxa6 Bxf3 15. Nxf3 Ng4 16. Bb5 Qd6 17. Bxc6 Rxf3 18. Qxd5+ Rf7 19. Qxd6 cxd6 20. Bxe8 Rf8 21. f3 Nf6 22. Bb5 bxc3 23. bxc3 e5 24. dxe5 dxe5 25. Bb2 Nh5 26. Rad1 Rc8 27. c4 1-0

[Event "Ruhrgebiet Verbandsklasse Gruppe 1 1617"]
[Site "Germany"]
[Date "2017.01.29"]
[Round "6.8"]
[White "Schmidt, Christian"]
[Black "Buedel, Juergen"]
[Result "0-1"]
[WhiteElo "1718"]
[BlackElo "1635"]
[PlyCount "92"]
[EventDate "2016.09.04"]
[EventType "team-tourn"]
[EventRounds "9"]
[EventCountry "GER"]
[SourceTitle "EXT 2022"]
[Source "ChessBase"]
[SourceDate "2021.10.06"]
[SourceVersion "1"]
[SourceVersionDate "2021.10.06"]
[SourceQuality "1"]
[WhiteTeam "Hervest Dorsten"]
[BlackTeam "Dortmund FS"]
[WhiteTeamCountry "GER"]
[BlackTeamCountry "GER"]

1. Nf3 Nc6 2. c4 d6 3. g3 e5 4. d3 Nf6 5. Nbd2 Be7 6. Bg2 0-0 7. 0-0 Re8 8. a3 a5 9. b3 Bf8 10. Qc2 Bg4 11. Re1 Qd7 12. Bb2 Bh3 13. Bh1 Qg4 14. Ne4 h6 15. Nxf6+ gxf6 16. e4 Ne7 17. d4 Ng6 18. Qd1 Kh7 19. Nd2 Qd7 20. Rc1 Be7 21. Nf1 Rg8 22. Ne3 Nf4 23. Nf5 Rg5 24. Qc2 Rag8 25. c5 Bf8 26. Rcd1 Bg4 27. Rd2 Nh3+ 28. Kf1 Rh5 29. dxe5 fxe5 30. Bxe5 Qb5+ 31. Kg2 dxe5 32. Rd8 Ng5 33. h4 Ne6 34. a4 Qc6 35. Rxf8 Rxf8 36. Ne7 Qd7 37. Nd5 f5 38. Qd2 Nd4 39. Re3 fxe4 40. Kf1 Bf3 41. Bxf3 exf3 42. Qd3+ Kg7 43. Nc3 Qh3+ 44. Ke1 Qh1+ 45. Kd2 Rd8 46. Qc4 Ne2+ 0-1

[Event "Dortmund4"]
[Site "Dortmund"]
[Date "2006.05.03"]
[Round "3"]
[White "Buedel, Juergen"]
[Black "Hartung, Thomas"]
[Result "0-1"]
[WhiteElo "1702"]
[BlackElo "1866"]
[PlyCount "51"]
[EventDate "2006.04.26"]
[EventType "tourn"]
[EventRounds "11"]
[EventCountry "GER"]
[SourceTitle "EXT 2007"]
[Source "ChessBase"]
[SourceDate "2006.11.23"]
[SourceVersion "1"]
[SourceVersionDate "2006.11.23"]
[SourceQuality "1"]

1. d4 Nf6 2. c4 c5 3. d5 b5 4. cxb5 a6 5. Nc3 axb5 6. Bg5 b4 7. Bxf6 gxf6 8. Ne4 d6 9. e3 Qa5 10. Nd2 Bg7 11. Bc4 f5 12. Rb1 Ba6 13. Nb3 Qxa2 14. Ra1 Qxb2 15. Rxa6 Nxa6 16. Bb5+ Kd8 17. Ne2 Bc3+ 18. Kf1 Nc7 19. Bc4 Ra3 20. g3 Bf6 21. Kg2 Qe5 22. Nf4 Qe4+ 23. Kh3 Qxc4 24. Nd2 Qa2 25. Rf1 h5 26. e4 0-1

[Event "Dortmund ABC Serie A-24"]
[Site "Dortmund"]
[Date "2005.10.22"]
[Round "3"]
[White "Buedel, Juergen"]
[Black "Duschek, Guenter"]
[Result "1-0"]
[WhiteElo "1677"]
[BlackElo "1632"]
[PlyCount "107"]
[EventDate "2005.10.14"]
[EventType "tourn"]
[EventRounds "11"]
[EventCountry "GER"]
[SourceTitle "EXT 2007"]
[Source "ChessBase"]
[SourceDate "2006.11.23"]
[SourceVersion "1"]
[SourceVersionDate "2006.11.23"]
[SourceQuality "1"]

1. c4 Nf6 2. d4 e5 3. d5 Bb4+ 4. Bd2 Bxd2+ 5. Nxd2 d6 6. Qb3 Nbd7 7. e3 Nc5 8. Qc2 a5 9. Ne2 Qe7 10. Ng3 e4 11. Be2 Bg4 12. 0-0 Bxe2 13. Nxe2 h5 14. a3 Qe5 15. Qc3 Ng4 16. Qxe5+ Nxe5 17. b4 Ncd3 18. Nxe4 Nxc4 19. b5 Kd7 20. Rfd1 Nde5 21. Rd4 Nb6 22. a4 h4 23. Rc1 h3 24. Ng5 hxg2 25. Kxg2 Rh5 26. h4 Rah8 27. Kg3 Na8 28. Rf4 f6 29. Ne6 Nd3 30. Rg4 g5 31. Rh1 Ne5 32. Rd4 f5 33. f4 gxh4+ 34. Kh3 Ng4 35. Rg1 Nf2+ 36. Kh2 Ne4 37. Kh3 R5h7 38. Rg2 Ng3 39. Nxg3 hxg3+ 40. Kxg3 Rh3+ 41. Kf2 Rh2 42. Rc4 c6 43. bxc6+ bxc6 44. Rxc6 Rxg2+ 45. Kxg2 Rb8 46. Ra6 Nb6 47. Ra7+ Ke8 48. Ng7+ Kf8 49. Nxf5 Nxd5 50. Rxa5 Rb2+ 51. Kg3 Rd2 52. Nxd6 Nxe3 53. Ra8+ Ke7 54. Nc8+ 1-0

[Event "Dortmund Kleiner Koenig VM"]
[Site "Dortmund"]
[Date "2005.02.08"]
[Round "1"]
[White "Buedel, Juergen"]
[Black "Grube, Joerg"]
[Result "0-1"]
[WhiteElo "1648"]
[BlackElo "1807"]
[PlyCount "74"]
[EventDate "2005.02.08"]
[EventType "tourn"]
[EventRounds "9"]
[EventCountry "GER"]
[SourceTitle "EXT 2007"]
[Source "ChessBase"]
[SourceDate "2006.11.23"]
[SourceVersion "1"]
[SourceVersionDate "2006.11.23"]
[SourceQuality "1"]

1. e4 c5 2. Nf3 Nc6 3. Bc4 e6 4. 0-0 Qc7 5. Nc3 Nf6 6. a3 Be7 7. Ba2 0-0 8. d3 a6 9. Ne2 b5 10. Ng3 Bb7 11. Bd2 a5 12. Qe2 d6 13. Rac1 a4 14. h4 b4 15. Ng5 Nd4 16. Qd1 b3 17. cxb3 axb3 18. Bb1 Rfc8 19. Be3 Qa5 20. Rc3 Bc6 21. f4 Qd8 22. f5 e5 23. Bxd4 cxd4 24. Rxc6 Rxc6 25. Qxb3 d5 26. Ba2 Rb6 27. Qc2 h6 28. Nxf7 Kxf7 29. exd5 Bd6 30. Qe2 Rc8 31. Bc4 Rxc4 32. dxc4 Rb3 33. Rf3 Qb6 34. Rxb3 Qxb3 35. Nh5 d3 36. Qf3 e4 37. Qf2 Qd1+ 0-1

[Event "Dortmund Kleiner Koenig VM-A"]
[Site "Dortmund"]
[Date "2004.02.17"]
[Round "3"]
[White "Buedel, Juergen"]
[Black "Yanik, Mehmet"]
[Result "1/2-1/2"]
[WhiteElo "1552"]
[BlackElo "1965"]
[PlyCount "98"]
[EventDate "2004.01.27"]
[EventType "tourn"]
[EventRounds "13"]
[EventCountry "GER"]
[SourceTitle "EXT 2006"]
[Source "ChessBase"]
[SourceDate "2005.11.24"]
[SourceVersion "1"]
[SourceVersionDate "2005.11.24"]
[SourceQuality "1"]

1. d4 Nf6 2. c4 g6 3. Nc3 Bg7 4. e4 0-0 5. f4 d6 6. Nf3 c5 7. d5 e6 8. Be2 exd5 9. cxd5 b5 10. e5 dxe5 11. fxe5 Ng4 12. Bg5 Qa5 13. 0-0 b4 14. Ne4 Nxe5 15. Be7 Re8 16. d6 Nbc6 17. Nf6+ Bxf6 18. Bxf6 c4 19. Nxe5 Nxe5 20. Qd4 Nd3 21. Qh4 Qc5+ 22. Kh1 Qxd6 23. Bxd3 cxd3 24. Qh6 Qf8 25. Qh4 Bb7 26. Rf2 Re4 27. Qh3 Re2 28. Raf1 Rxf2 29. Rxf2 Qc5 30. Qh6 Qf8 31. Qd2 Be4 32. h4 Rc8 33. Qf4 Qc5 34. Bc3 f5 35. Bd2 a5 36. h5 Qc7 37. Qg5 Qd8 38. hxg6 Qxg5 39. gxh7+ Kxh7 40. Bxg5 Kg6 41. Be3 a4 42. Kh2 Rc2 43. Kg3 a3 44. bxa3 bxa3 45. Rxc2 dxc2 46. Bc1 Bd5 47. Bxa3 Bxa2 48. Kf4 Kf6 49. Bb2+ Ke6 1/2-1/2

[Event "Dortmund Kleiner Koenig VM-A"]
[Site "Dortmund"]
[Date "2004.01.27"]
[Round "1"]
[White "Buedel, Juergen"]
[Black "Didion, Ralf"]
[Result "1-0"]
[WhiteElo "1552"]
[BlackElo "1621"]
[PlyCount "50"]
[EventDate "2004.01.27"]
[EventType "tourn"]
[EventRounds "13"]
[EventCountry "GER"]
[SourceTitle "EXT 2006"]
[Source "ChessBase"]
[SourceDate "2005.11.24"]
[SourceVersion "1"]
[SourceVersionDate "2005.11.24"]
[SourceQuality "1"]

1. d4 d5 2. Nc3 e6 3. a3 Nf6 4. e3 c5 5. Nf3 Nc6 6. Bb5 Bd7 7. 0-0 a6 8. Bxc6 Bxc6 9. Ne5 Qc7 10. Nxc6 Qxc6 11. Qe2 Bd6 12. dxc5 Qxc5 13. Re1 Qc7 14. h3 b5 15. Qf3 0-0 16. Rd1 Rfc8 17. Rd3 Be7 18. Bd2 Qe5 19. Rc1 Ne4 20. Be1 Bxa3 21. Nxd5 Rd8 22. Nf4 Bxb2 23. Rcd1 Rxd3 24. Nxd3 Qf6 25. Qxe4 Rc8 1-0

[Event "Dortmund2"]
[Site "Dortmund"]
[Date "2003.05.23"]
[Round "12"]
[White "Buedel, Juergen"]
[Black "Heckers, Uwe"]
[Result "1/2-1/2"]
[WhiteElo "1522"]
[BlackElo "1353"]
[PlyCount "100"]
[EventDate "2003.03.26"]
[EventType "tourn"]
[EventRounds "13"]
[EventCountry "GER"]
[SourceTitle "EXT 2007"]
[Source "ChessBase"]
[SourceDate "2006.11.23"]
[SourceVersion "1"]
[SourceVersionDate "2006.11.23"]
[SourceQuality "1"]

1. c4 f5 2. Nc3 Nf6 3. d3 g6 4. Nf3 Bg7 5. Bg5 d6 6. Qd2 0-0 7. Bh6 c5 8. g3 Nc6 9. Bg2 e5 10. Bxg7 Kxg7 11. 0-0 Nh5 12. Nd5 Ne7 13. Ng5 h6 14. Nxe7 Qxe7 15. Nf3 Bd7 16. b4 b6 17. a4 Rab8 18. Qb2 Qf6 19. b5 f4 20. a5 e4 21. Qxf6+ Rxf6 22. Nd2 exd3 23. exd3 Bf5 24. axb6 axb6 25. Ra7+ Rf7 26. Rxf7+ Kxf7 27. Bd5+ Be6 28. Bc6 g5 29. Kg2 Ng7 30. Ra1 Nf5 31. Ra7+ Kf6 32. Ne4+ Ke5 33. g4 Nh4+ 34. Kf1 Bxg4 35. Re7+ Kd4 36. Nf6 Bf5 37. Ke2 Bxd3+ 38. Kd2 Kxc4 39. Nd7 Nf5 40. Re1 Rg8 41. Nxb6+ Kd4 42. Nd7 c4 43. b6 c3+ 44. Kc1 Ba6 45. Re4+ Kd3 46. b7 Bxb7 47. Bxb7 Rg7 48. Rb4 Ke2 49. Ba6+ Kxf2 50. Nf6 Re7 1/2-1/2

[Event "Dortmund2"]
[Site "Dortmund"]
[Date "2003.05.02"]
[Round "7"]
[White "Schrimpl, Michael"]
[Black "Buedel, Juergen"]
[Result "0-1"]
[WhiteElo "1394"]
[BlackElo "1522"]
[PlyCount "72"]
[EventDate "2003.03.26"]
[EventType "tourn"]
[EventRounds "13"]
[EventCountry "GER"]
[SourceTitle "EXT 2007"]
[Source "ChessBase"]
[SourceDate "2006.11.23"]
[SourceVersion "1"]
[SourceVersionDate "2006.11.23"]
[SourceQuality "1"]

1. d4 Nf6 2. c4 c5 3. d5 d6 4. Nc3 g6 5. e4 Nbd7 6. Be2 Bg7 7. Rb1 0-0 8. f4 a6 9. Nf3 Rb8 10. 0-0 Qb6 11. Qc2 e6 12. Kh1 exd5 13. Nxd5 Nxd5 14. cxd5 Nf6 15. Nh4 Qd8 16. f5 Nxd5 17. exd5 Qxh4 18. Rf4 Qe7 19. fxg6 fxg6 20. Rxf8+ Qxf8 21. Bd3 b5 22. b3 Bb7 23. Bg5 Bxd5 24. Be4 Bxe4 25. Qxe4 Qf5 26. Qxf5 gxf5 27. Rd1 Re8 28. Bf4 d5 29. Kg1 d4 30. Kf1 Be5 31. g3 Bxf4 32. gxf4 Re4 33. Rc1 Rxf4+ 34. Ke2 Re4+ 35. Kf3 Re5 36. a3 Kf7 0-1

[Event "Dortmund2"]
[Site "Dortmund"]
[Date "2003.03.29"]
[Round "2"]
[White "Buedel, Juergen"]
[Black "Wolff, Holger"]
[Result "1-0"]
[WhiteElo "1522"]
[BlackElo "1484"]
[PlyCount "127"]
[EventDate "2003.03.26"]
[EventType "tourn"]
[EventRounds "13"]
[EventCountry "GER"]
[SourceTitle "EXT 2007"]
[Source "ChessBase"]
[SourceDate "2006.11.23"]
[SourceVersion "1"]
[SourceVersionDate "2006.11.23"]
[SourceQuality "1"]

1. c4 c5 2. Nc3 Nc6 3. d3 Nf6 4. g3 g6 5. Bg2 Bg7 6. Nf3 d6 7. 0-0 0-0 8. Rb1 Bg4 9. a3 Qd7 10. Re1 a5 11. Bd2 Ra6 12. Qc1 Rfa8 13. Bh6 Bh8 14. Nb5 Na7 15. a4 Nc6 16. Ng5 Nb4 17. h3 Bf5 18. Qd2 Qc8 19. e4 Bd7 20. Rbd1 Ne8 21. Kh2 Bc6 22. Qf4 f6 23. Nc3 e5 24. Qc1 fxg5 25. Bxg5 Bf6 26. Rf1 Bxg5 27. Qxg5 Qd8 28. Qh6 Ng7 29. f4 Qe7 30. fxe5 Qxe5 31. Nd5 Bxd5 32. exd5 Re8 33. Rde1 Qxe1 34. Rxe1 Rxe1 35. g4 Ra8 36. Be4 Rf8 37. Qd2 Ref1 38. Kg3 R1f2 39. Qc3 Rc2 40. Qe1 Rxb2 41. Kh4 Ra2 42. Qg3 Ne8 43. Kg5 Rxa4 44. Kh6 Ra2 45. h4 Raf2 46. h5 R2f6 47. g5 R6f7 48. hxg6 hxg6 49. Bxg6 Rg7 50. Bxe8 Rxe8 51. g6 Rd8 52. Qe3 a4 53. Qe6+ Kh8 54. Qf6 Rdg8 55. d4 cxd4 56. Qxd4 Nd3 57. Kg5 Nf4 58. Kxf4 Rf8+ 59. Kg5 Re8 60. Kh6 Ree7 61. Qf6 Kg8 62. Qxd6 Kf8 63. Qd8+ Re8 64. Qf6+ 1-0